|
|
|
|
| LEADER |
00679cam a2200169 7i4500 |
| 001 |
0000022349 |
| 005 |
20090224090000.0 |
| 090 |
0 |
0 |
|a S 338.7
|b MAL
|
| 110 |
2 |
0 |
|a Malaysia External Trade Development Corporation [MATRADE]
|
| 245 |
2 |
0 |
|a "Doing Business in China : Issues and Challenges" [17 January 2008 : MATRADE Hall Menara MATRADE, Kuala Lumpur].
|
| 260 |
0 |
0 |
|a Kuala Lumpur:
|b MATRADE,
|c 2008.
|
| 300 |
# |
# |
|a [v.p].
|
| 650 |
0 |
0 |
|a Business --
|x Seminar papers --
|z China
|
| 650 |
0 |
0 |
|a Investments --
|x Seminar papers --
|z China
|
| 651 |
0 |
0 |
|a China
|
| 999 |
|
|
|a 0000021890
|b Book
|c Seminar Papers
|e Business Information Centre
|
| 999 |
|
|
|a 0000021889
|b Book
|c Seminar Papers
|e Business Information Centre
|